Economic History of Tamil Nadu: 200 B.C. — 2000 A.D / (Record no. 44691)

MARC details
000 -LEADER
fixed length control field 01861nam a22002537a 4500
003 - CONTROL NUMBER IDENTIFIER
control field CUTN
005 - DATE AND TIME OF LATEST TRANSACTION
control field 20250610160517.0
008 - FIXED-LENGTH DATA ELEMENTS--GENERAL INFORMATION
fixed length control field 250610b |||||||| |||| 00| 0 eng d
020 ## - INTERNATIONAL STANDARD BOOK NUMBER
International Standard Book Number 9788180943782
041 ## - LANGUAGE CODE
Language English
082 ## - DEWEY DECIMAL CLASSIFICATION NUMBER
Edition number 23
Classification number 330.95
Item number VEL
100 ## - MAIN ENTRY--PERSONAL NAME
Personal name Velappan D
245 ## - TITLE STATEMENT
Title Economic History of Tamil Nadu: 200 B.C. — 2000 A.D /
Statement of responsibility, etc D. Velappan
260 ## - PUBLICATION, DISTRIBUTION, ETC. (IMPRINT)
Place of publication, distribution, etc Chennai:
Name of publisher, distributor, etc MJP,
Date of publication, distribution, etc 2023.
300 ## - PHYSICAL DESCRIPTION
Extent 165P. :
Other physical details ILL, ;
Dimensions ‎ 5.5 x 0.47 x 8.5 inches.
520 ## - SUMMARY, ETC.
Summary, etc History is the branch of knowledge that deals systematically with the recording, analyzing and correlating of past events. The intrinsic quality of history is given by John.F.Kennedy, the U.S. president 1961-63, in the following words: “History is a relentless master: it has no present, only the past rushing into the future”.1 ‘Rushing’ lets loose the equilibrating forces and, in that way the past impact the present. As such, knowledge of the past is essential to gain knowledge of the present and also to plan for the future. It is in this context that Economic History as a distinct branch of knowledge has developed in the nineteenth century.The most characteristic feature of the English Classical school was the use of abstract reasoning - deductive method. For instance, Adam Smith was chiefly guided by the universal principle- that of self-interest. “It is not from the benevolence of the butcher, brewer or the baker that we expect our dinner, but from their regard to their own interest”.2 The value of such deductive reasoning depends upon the exactness and validity of the assumption; if the assumptions go wrong, the theories become defective.
650 ## - SUBJECT ADDED ENTRY--TOPICAL TERM
Topical term or geographic name as entry element Economic history
650 ## - SUBJECT ADDED ENTRY--TOPICAL TERM
Topical term or geographic name as entry element Tamil Nadu
650 ## - SUBJECT ADDED ENTRY--TOPICAL TERM
Topical term or geographic name as entry element South India
650 ## - SUBJECT ADDED ENTRY--TOPICAL TERM
Topical term or geographic name as entry element Ancient economy
650 ## - SUBJECT ADDED ENTRY--TOPICAL TERM
Topical term or geographic name as entry element Colonial economy
700 ## - ADDED ENTRY--PERSONAL NAME
Personal name C.A Sham shankar
942 ## - ADDED ENTRY ELEMENTS (KOHA)
Source of classification or shelving scheme Dewey Decimal Classification
Koha item type General Books
Holdings
Withdrawn status Lost status Source of classification or shelving scheme Damaged status Not for loan Collection code Home library Location Shelving location Date of Cataloging Total Checkouts Full call number Barcode Date last seen Price effective from Koha item type
    Dewey Decimal Classification     Non-fiction CUTN Central Library CUTN Central Library History & Geography 10/06/2025   330.95 VEL 51619 10/06/2025 10/06/2025 General Books